Myth : (Record no. 24727)
[ view plain ]
| 000 -LEADER | |
|---|---|
| fixed length control field | 01027cam a22002655a 4500 |
| 001 - CONTROL NUMBER | |
| control field | 13799769 |
| 005 - DATE AND TIME OF LATEST TRANSACTION | |
| control field | 20170427114700.0 |
| 008 - FIXED-LENGTH DATA ELEMENTS--GENERAL INFORMATION | |
| fixed length control field | 041126t2004 enka frb f001 0 eng d |
| 020 ## - INTERNATIONAL STANDARD BOOK NUMBER | |
| International Standard Book Number | 0192803476 |
| 020 ## - INTERNATIONAL STANDARD BOOK NUMBER | |
| International Standard Book Number | 9780192803474 |
| 040 ## - CATALOGING SOURCE | |
| Original cataloging agency | YUS |
| Transcribing agency | YUS |
| Modifying agency | VFL |
| -- | DLC |
| -- | EG-ScBUE |
| Language of cataloging | eng |
| 082 04 - DEWEY DECIMAL CLASSIFICATION NUMBER | |
| Edition number | 22 |
| Classification number | 201.3 |
| Item number | SEG |
| 100 1# - MAIN ENTRY--PERSONAL NAME | |
| Personal name | Segal, Robert Alan. |
| 245 10 - TITLE STATEMENT | |
| Title | Myth : |
| Remainder of title | a very short introduction / |
| Statement of responsibility, etc | Robert A. Segal. |
| 260 ## - PUBLICATION, DISTRIBUTION, ETC. (IMPRINT) | |
| Place of publication, distribution, etc | Oxford ; |
| -- | New York : |
| Name of publisher, distributor, etc | Oxford University Press, |
| Date of publication, distribution, etc | c.2004. |
| 300 ## - PHYSICAL DESCRIPTION | |
| Extent | 163 p. : |
| Other physical details | ill. ; |
| Dimensions | 18 cm. |
| 490 0# - Series Statement | |
| Series statement | Very short introductions ; |
| Volume/sequential designation | 111 |
| 500 ## - GENERAL NOTE | |
| General note | Index : p. 159-163. |
| 504 ## - BIBLIOGRAPHY, ETC. NOTE | |
| Bibliography, etc | Bibliography : p. 143-158. |
| 505 0# - FORMATTED CONTENTS NOTE | |
| Formatted contents note | Introduction: theories of myth -- Myth and science -- Myth and philosophy -- Myth and religion -- Myth and ritual -- Myth and literature -- Myth and psychology -- Myth and structure -- Myth and society -- Conclusion: the future of the study of myth. |
| 650 #7 - SUBJECT ADDED ENTRY--TOPICAL TERM | |
| Topical term or geographic name as entry element | Myth. |
| Source of heading or term | BUEsh |
| 650 #7 - SUBJECT ADDED ENTRY--TOPICAL TERM | |
| Topical term or geographic name as entry element | Mythology. |
| Source of heading or term | BUEsh |
| 653 ## - INDEX TERM--UNCONTROLLED | |
| Resource For college | Humanities: Psychology |
| Arrived date list | April2017 |
| 942 ## - ADDED ENTRY ELEMENTS (KOHA) | |
| Source of classification or shelving scheme | Dewey Decimal Classification |
| Withdrawn status | Item status | Source of classification or shelving scheme | Damaged status | Not for loan | Vendor | Home library | Current library | Shelving location | Date acquired | Source of acquisition | Cost, normal purchase price | Serial Enumeration / chronology | Total Checkouts | Full call number | Barcode | Date last seen | Cost, replacement price | Koha item type |
|---|---|---|---|---|---|---|---|---|---|---|---|---|---|---|---|---|---|---|
| Dewey Decimal Classification | Academic Bookshop | Central Library | Central Library | Lower Floor | 27/04/2017 | Purchase | 63.00 | 1849 | 201.3 SEG | 000041720 | 15/07/2025 | 78.75 | Book - Borrowing |